| 000 | 00555cam a2200229ua 4500 | ||
|---|---|---|---|
| 020 | _c195.00 | ||
| 041 |
_aeng _h |
||
| 082 |
_a621.402 _bBAL/TH |
||
| 100 | _aBallaney, P L . | ||
| 245 |
_aThermal engineering, Vol 1 / _cP L Ballaney. _hTextual Documents |
||
| 250 |
_a12 / _b. |
||
| 260 |
_aDelhi : _bKhanna publishers , _c1995. |
||
| 300 |
_a1456 : _b506 ; . |
||
| 365 | _a195.00 | ||
| 500 | _a*CSS | ||
| 504 | _a | ||
| 942 | _cBK | ||
| 999 |
_c10558 _d10558 |
||